[Event "GER-chT U14 Girls"]
[Site "Duesseldorf"]
[Date "2016.12.29"]
[Round "5.1"]
[White "Schilay, Maria"]
[Black "Gauchel, Verena"]
[Result "0-1"]
[WhiteElo "1370"]
[BlackElo "1415"]
[PlyCount "84"]
[EventDate "2016.12.27"]
[EventType "team-swiss"]
[EventRounds "7"]
[EventCountry "GER"]
[SourceTitle "EXT 2018"]
[Source "ChessBase"]
[SourceDate "2017.10.13"]
[SourceVersion "1"]
[SourceVersionDate "2017.10.13"]
[SourceQuality "1"]
[WhiteTeam "Neumarkt"]
[BlackTeam "Ammersee"]
[WhiteTeamCountry "GER"]
[BlackTeamCountry "GER"]

1. e4 c5 2. Nc3 Nc6 3. g3 g6 4. Bg2 Bg7 5. d3 d6 6. Be3 Nf6 7. h3 0-0 8. Qd2 a6 9. Bh6 e5 10. Bxg7 Kxg7 11. Nge2 Be6 12. 0-0 Qe7 13. f4 exf4 14. Nxf4 Nd4 15. Nfe2 Nxe2+ 16. Qxe2 Rae8 17. Rf3 Nd7 18. Raf1 Ne5 19. Rf4 b5 20. Qd2 h6 21. d4 Nc4 22. Qf2 Nxb2 23. d5 Bd7 24. Re1 b4 25. Nb1 Nc4 26. Qe2 Bb5 27. Nd2 Nb6 28. Qg4 Nxd5 29. Rf2 h5 30. Qf3 Nc3 31. Ra1 Bc6 32. Qd3 Bb5 33. Qf3 Qe5 34. a3 Nxe4 35. Ra2 Nxf2 36. Qxf2 Qe1+ 37. Qxe1 Rxe1+ 38. Kh2 Re2 39. Nf3 Bc6 40. Nh4 g5 41. Nf5+ Kf6 42. Nxd6 Rxg2+ 0-1

[Event "EU Union-ch U12 14th"]
[Site "Mureck"]
[Date "2016.08.05"]
[Round "3"]
[White "Urbanc, Tina"]
[Black "Schilay, Maria"]
[Result "1-0"]
[WhiteElo "1419"]
[BlackElo "1210"]
[PlyCount "111"]
[EventDate "2016.08.03"]
[EventType "swiss"]
[EventRounds "9"]
[EventCountry "AUT"]
[SourceTitle "CBM 174 Extra"]
[Source "ChessBase"]
[SourceDate "2016.10.10"]
[SourceVersion "1"]
[SourceVersionDate "2016.10.10"]
[SourceQuality "1"]

1. c4 Nf6 2. Nc3 g6 3. Nf3 Bg7 4. d4 c6 5. e3 0-0 6. Bd3 e6 7. 0-0 d5 8. h3 Re8 9. Bd2 Nbd7 10. Rc1 e5 11. Be2 e4 12. Nh2 Qb6 13. b4 Qc7 14. cxd5 cxd5 15. Nxd5 Qd6 16. Nc7 Rb8 17. Nxe8 Nxe8 18. Qc2 Nef6 19. Ng4 b6 20. Nxf6+ Qxf6 21. Qxe4 Bb7 22. Qg4 Qd6 23. Bf3 Ba6 24. Be2 Bb7 25. Qg3 Qe6 26. Bc4 Qf5 27. Qg4 Qe4 28. Qxe4 Bxe4 29. Bb5 Nf6 30. Rc7 a5 31. bxa5 bxa5 32. Bc4 Rf8 33. Bxa5 Ne8 34. Rc8 Bf5 35. Rb8 Bf6 36. Bb4 Bd7 37. Bxf8 Kxf8 38. Bb5 Bxb5 39. Rxb5 Nc7 40. Rb7 Nd5 41. Rc1 Kg7 42. a4 Kf8 43. a5 Bd8 44. a6 Nb6 45. a7 Kg7 46. Rxb6 Bxb6 47. a8Q h5 48. Qb7 Bd8 49. Rc8 Bf6 50. Rc7 Kh6 51. Rxf7 Bd8 52. Rh7+ Kg5 53. Qd5+ Kh4 54. Qxd8+ g5 55. Qd5 g4 56. Qxh5# 1-0